[Event "Philadelphia int."]
[Site "Philadelphia USA"]
[Date "2017.06.27"]
[Round "6.11"]
[White "Yang, Kaiqi"]
[Black "Bian, Alex"]
[Result "1-0"]
[WhiteElo "2415"]
[BlackElo "2266"]
[PlyCount "91"]
[EventDate "2017.06.24"]
[EventType "swiss"]
[EventRounds "9"]
[EventCountry "USA"]
[Source "Mark Crowther"]
[SourceDate "2017.07.03"]

1. c4 e6 2. Nf3 d5 3. g3 Nf6 4. Bg2 dxc4 5. Qa4+ Nbd7 6. O-O a6 7. Qxc4 b5 8.
Qc2 Bb7 9. b3 Be7 10. Bb2 c5 11. d3 O-O 12. Nbd2 Qb6 13. Rac1 Rac8 14. Qb1 Rc7
15. Qa1 h6 16. h3 Rfc8 17. Kh2 Ne8 18. e4 Bf8 19. Ne1 Nd6 20. f4 Qa7 21. g4 Nb6
22. f5 Ne8 23. Nef3 c4 24. Be5 Rd7 25. fxe6 fxe6 26. dxc4 bxc4 27. bxc4 Na4 28.
Nd4 Ba3 29. Rc2 Re7 30. Qe1 Bd6 31. Qg3 Rd8 32. N2b3 Nc5 33. Rcf2 Nxb3 34. Rf8+
Kh7 35. Nxb3 Bxe5 36. Qxe5 Bc6 37. c5 Bb5 38. R1f2 Bc4 39. Qc3 Qc7+ 40. e5 Bd3
41. Na5 Red7 42. Nc6 Rc8 43. Qb3 Bb5 44. Be4+ g6 45. Qxe6 Rg7 46. R2f7 1-0

[Event "Philadelphia int."]
[Site "Philadelphia USA"]
[Date "2017.06.28"]
[Round "8.3"]
[White "Yang, Kaiqi"]
[Black "Zhou Jianchao"]
[Result "0-1"]
[WhiteElo "2415"]
[BlackElo "2595"]
[PlyCount "68"]
[EventDate "2017.06.24"]
[EventType "swiss"]
[EventRounds "9"]
[EventCountry "USA"]
[Source "Mark Crowther"]
[SourceDate "2017.07.03"]

1. e4 c5 2. Nf3 d6 3. d4 cxd4 4. Nxd4 Nf6 5. f3 e5 6. Nb3 Be7 7. c4 Be6 8. Be3
a5 9. Nc3 Nc6 10. Be2 O-O 11. Nd5 a4 12. Nd2 Bxd5 13. cxd5 Nd4 14. Nc4 b5 15.
Bxd4 exd4 16. Na3 Qb6 17. Nxb5 Ra5 18. Nxd4 Nxd5 19. Nf5 g6 20. exd5 gxf5 21.
Qd3 Re8 22. Rd1 Bf6 23. Rd2 a3 24. b4 Ra4 25. Kf1 Rxb4 26. g3 Rb2 27. Rc2 Qe3
28. Qxe3 Rxe3 29. Bd1 Rxf3+ 30. Ke2 Rc3 31. Kd2 Rcxc2+ 32. Bxc2 Rxa2 33. Rb1
Rxc2+ 34. Kxc2 a2 0-1

[Event "Ontario op"]
[Site "Ottawa CAN"]
[Date "2017.05.20"]
[Round "1"]
[White "Yie, Kevin"]
[Black "Yang, Kaiqi"]
[Result "0-1"]
[WhiteElo "2146"]
[BlackElo "2355"]
[PlyCount "47"]
[EventDate "2017.05.20"]
[EventType "swiss"]
[EventRounds "6"]
[EventCountry "CAN"]

1. d4 Nf6 2. Nf3 e6 3. Bf4 b6 4. e3 Bb7 5. Nbd2 d6 6. Be2 Nbd7 7. c3 Be7 8. h3
O-O 9. O-O Re8 10. a4 a5 11. Nc4 Bf8 12. Re1 h6 13. Bh2 Qc8 14. Qb1 Be4 15. Qc1
Qb7 16. Ncd2 Bh7 17. Nc4 Nd5 18. Bf1 f5 19. Nfd2 N5f6 20. Bd3 e5 21. Qb1 e4 22.
Bc2 Kh8 23. b4 d5 24. Ne5 0-1

[Event "Ontario op"]
[Site "Ottawa CAN"]
[Date "2017.05.20"]
[Round "2"]
[White "Yang, Kaiqi"]
[Black "Song, Michael"]
[Result "1/2-1/2"]
[WhiteElo "2355"]
[BlackElo "2547"]
[PlyCount "88"]
[EventDate "2017.05.20"]
[EventType "swiss"]
[EventRounds "6"]
[EventCountry "CAN"]

1. e4 e5 2. Nf3 Nc6 3. Bb5 Nf6 4. O-O Nxe4 5. Re1 Nd6 6. Nxe5 Be7 7. Bf1 Nf5 8.
Nc3 Nxe5 9. Rxe5 d6 10. Re1 O-O 11. Nd5 c6 12. Nxe7+ Nxe7 13. b3 Re8 14. Bb2
Ng6 15. Rxe8+ Qxe8 16. Qf3 d5 17. Bd3 Bd7 18. Qg3 Qb8 19. Bxg6 hxg6 20. Be5 Qe8
21. d3 Qe7 22. h4 Re8 23. Bd4 c5 24. Bc3 d4 25. Re1 Qd8 26. Bd2 Rxe1+ 27. Bxe1
Bc6 28. Kf1 Kh7 29. Qf4 Qe7 30. f3 c4 31. Qxd4 cxd3 32. Qxd3 Qa3 33. h5 Qxa2
34. Bc3 Qb1+ 35. Kf2 Qh1 36. hxg6+ fxg6 37. Qd4 Qh6 38. Qxa7 Qh4+ 39. Kf1 Qh1+
40. Kf2 Qh4+ 41. Kf1 Qh1+ 42. Qg1 Bb5+ 43. Kf2 Qxg1+ 44. Kxg1 Be2 1/2-1/2

[Event "Ontario op"]
[Site "Ottawa CAN"]
[Date "2017.05.21"]
[Round "3"]
[White "Yang, Kaiqi"]
[Black "Gordon, David"]
[Result "0-1"]
[WhiteElo "2355"]
[BlackElo "2315"]
[PlyCount "132"]
[EventDate "2017.05.20"]
[EventType "swiss"]
[EventRounds "6"]
[EventCountry "CAN"]

1. e4 c5 2. Nf3 Nc6 3. Nc3 Nf6 4. d4 cxd4 5. Nxd4 e5 6. Ndb5 d6 7. Bg5 a6 8.
Na3 b5 9. Nd5 Be7 10. Bxf6 Bxf6 11. c4 b4 12. Nc2 Rb8 13. g3 O-O 14. h4 b3 15.
axb3 Rxb3 16. Ra2 a5 17. Be2 Be7 18. Na3 Rb8 19. Nb5 Be6 20. Ndc7 Nd4 21. b3
Bd7 22. Nd5 Nxb5 23. cxb5 Bxb5 24. Bxb5 Rxb5 25. Rc2 Rb7 26. Qg4 Qd7 27. Qxd7
Rxd7 28. Ke2 f5 29. Ra1 Bd8 30. exf5 Rxf5 31. Rc8 Rf8 32. Rb8 Kf7 33. Rc1 Ke6
34. Nc7+ Kf7 35. Nd5 Be7 36. Rb5 Ra8 37. Rc4 Bd8 38. Kd3 Ke6 39. Ke4 Rda7 40.
Nc3 Ra6 41. h5 Rb6 42. Rxb6 Bxb6 43. f4 exf4 44. Nd5 Rb8 45. Nxf4+ Kd7 46. b4
Re8+ 47. Kf5 Re5+ 48. Kg4 d5 49. Nd3 Re4+ 50. Rxe4 dxe4 51. Ne5+ Ke6 52. Nc4
axb4 53. Nxb6 b3 54. Na4 Ke5 55. Kh3 Kd4 56. Kg2 Ke3 57. Nb2 Ke2 58. g4 e3 59.
g5 Kd2 60. Kf3 e2 61. Nc4+ Kc3 62. Kxe2 Kxc4 63. Kd2 g6 64. hxg6 hxg6 65. Kc1
Kc3 66. Kb1 b2 0-1

[Event "Ontario op"]
[Site "Ottawa CAN"]
[Date "2017.05.22"]
[Round "5"]
[White "Liu, Lambert"]
[Black "Yang, Kaiqi"]
[Result "0-1"]
[WhiteElo "2189"]
[BlackElo "2355"]
[PlyCount "78"]
[EventDate "2017.05.20"]
[EventType "swiss"]
[EventRounds "6"]
[EventCountry "CAN"]

1. e4 c5 2. Nf3 e6 3. d4 cxd4 4. Nxd4 Nc6 5. Nc3 Qc7 6. Be3 a6 7. Qd2 Nf6 8. f3
Be7 9. O-O-O h5 10. Nb3 b5 11. Kb1 Ne5 12. Qf2 Rb8 13. Bd4 d6 14. Bd3 b4 15.
Na4 Nfd7 16. Nd2 Bb7 17. h3 Bf6 18. Nc4 Bc6 19. Nab6 O-O 20. Be2 Rfd8 21. Rhe1
a5 22. Nxe5 dxe5 23. Be3 Be7 24. Rd2 a4 25. Red1 a3 26. Nc4 Bb5 27. Bf1 Bc5 28.
Bxc5 Nxc5 29. Rxd8+ Rxd8 30. Rxd8+ Qxd8 31. Qd2 Qd4 32. Qxd4 exd4 33. Nd2 Bc6
34. Nc4 g5 35. Ne5 Bb7 36. Kc1 Kg7 37. Bc4 Kf6 38. Nd3 Nxd3+ 39. Bxd3 Ke5 0-1

[Event "Ontario op"]
[Site "Ottawa CAN"]
[Date "2017.05.22"]
[Round "5"]
[White "Yang, Kaiqi"]
[Black "Sambuev, Bator"]
[Result "1/2-1/2"]
[WhiteElo "2355"]
[BlackElo "2599"]
[PlyCount "114"]
[EventDate "2017.05.20"]
[EventType "swiss"]
[EventRounds "6"]
[EventCountry "CAN"]

1. c4 e5 2. Nc3 Nc6 3. g3 g6 4. Bg2 Bg7 5. d3 Nge7 6. h4 h6 7. Bd2 d6 8. Rb1 a5
9. Qc1 Nd4 10. e3 Ne6 11. Nge2 c6 12. e4 Rb8 13. f4 b5 14. h5 Nc5 15. Qc2 bxc4
16. dxc4 Bg4 17. hxg6 fxg6 18. Be3 Ne6 19. Qd2 c5 20. f5 gxf5 21. Bxh6 Kf7 22.
Nb5 Bxh6 23. Rxh6 f4 24. Nxd6+ Kg7 25. Rxe6 Bxe6 26. gxf4 Nc8 27. fxe5 Qh4+ 28.
Kd1 Qg4 29. Kc2 Nxd6 30. exd6 Rbf8 31. Bf3 Qxf3 32. Qg5+ Kf7 33. Qe7+ Kg6 34.
Qxe6+ Rf6 35. Rg1+ Kh6 36. Rh1+ Kg6 37. Rg1+ Kh6 38. Qg4 Qxg4 39. Rxg4 Rxd6 40.
e5 Rg6 41. Re4 Re8 42. Nf4 Rg4 43. Kd3 Kg5 44. Nd5 Rg3+ 45. Ne3 Rd8+ 46. Kc3
Re8 47. b3 Rf3 48. Kd3 Rd8+ 49. Kc3 Rf4 50. Rxf4 Kxf4 51. Nd5+ Kxe5 52. Kb2 a4
53. Ka3 axb3 54. axb3 Kd4 55. Nc7 Rc8 56. Nb5+ Kd3 57. b4 cxb4+ 1/2-1/2

[Event "Ontario op"]
[Site "Ottawa CAN"]
[Date "2017.05.22"]
[Round "6"]
[White "Yao, Sammy"]
[Black "Yang, Kaiqi"]
[Result "0-1"]
[WhiteElo "2083"]
[BlackElo "2355"]
[PlyCount "96"]
[EventDate "2017.05.20"]
[EventType "swiss"]
[EventRounds "6"]
[EventCountry "CAN"]

1. c4 e5 2. g3 Nf6 3. Bg2 d5 4. cxd5 Nxd5 5. Nc3 Nb6 6. Nf3 Nc6 7. O-O Be7 8.
d3 O-O 9. a3 Re8 10. b4 a5 11. b5 Nd4 12. Nxe5 Bf6 13. f4 Bxe5 14. fxe5 Rxe5
15. e3 Nxb5 16. Nxb5 Rxb5 17. a4 Rf5 18. Be4 Rxf1+ 19. Qxf1 c6 20. Bb2 Be6 21.
Qf4 Nd5 22. Qe5 Qf6 23. Qxf6 Nxf6 24. Bxf6 gxf6 25. Rb1 f5 26. Bf3 Ra7 27. Rb6
Kf8 28. Kf2 Ke7 29. Ke2 Kd6 30. d4 Kc7 31. Rb2 Ra6 32. Kd3 Rb6 33. Rxb6 Kxb6
34. Kc3 Kc7 35. Be2 Kd6 36. h4 Bd7 37. Bd3 h6 38. Kb3 b6 39. Kc3 b5 40. axb5
cxb5 41. Kb3 Ke6 42. Be2 Bc6 43. Ka3 f4 44. gxf4 Kf5 45. Bd3+ Kg4 46. f5 Kf3
47. d5 b4+ 48. Kb2 Bxd5 0-1

[Event "Aurora Spring op"]
[Site "Aurora CAN"]
[Date "2017.04.01"]
[Round "1.1"]
[White "Yang, Kaiqi"]
[Black "Calvelo, Jelvis"]
[Result "1-0"]
[WhiteElo "2415"]
[BlackElo "2020"]
[PlyCount "77"]
[EventDate "2017.04.01"]
[EventType "swiss"]
[EventRounds "5"]
[EventCountry "CAN"]

1. d4 Nf6 2. Bf4 d6 3. Nf3 Nbd7 4. e3 e6 5. Bd3 Nh5 6. Nbd2 Nxf4 7. exf4 c5 8.
f5 exf5 9. Bxf5 Qe7+ 10. Qe2 Qxe2+ 11. Kxe2 g6 12. Bd3 Bg7 13. Ne4 O-O 14. Nxd6
cxd4 15. Bc4 Nc5 16. Ng5 Be6 17. Nxe6 Nxe6 18. Bxe6 fxe6 19. Rad1 Rad8 20. Ne4
Rd5 21. Kd3 b5 22. Rhe1 Rc8 23. Ra1 Rc6 24. Re2 Kf7 25. f4 h6 26. a3 a5 27. a4
b4 28. g4 Bf8 29. Rf1 Be7 30. Ref2 Bh4 31. Rf3 Be7 32. Rh1 Rd8 33. h4 Rd5 34.
h5 Bf8 35. Rfh3 Rd8 36. hxg6+ Kxg6 37. Rh5 Rdc8 38. R1h2 b3 39. cxb3 1-0

[Event "Aurora Spring op"]
[Site "Aurora CAN"]
[Date "2017.04.01"]
[Round "2.1"]
[White "Noritsyn, Sergey"]
[Black "Yang, Kaiqi"]
[Result "0-1"]
[WhiteElo "2097"]
[BlackElo "2415"]
[PlyCount "112"]
[EventDate "2017.04.01"]
[EventType "swiss"]
[EventRounds "5"]
[EventCountry "CAN"]

1. e4 c5 2. Nf3 d6 3. c3 Nf6 4. h3 Nbd7 5. Bd3 g6 6. Bc2 Bg7 7. O-O O-O 8. d4
Qc7 9. Re1 e5 10. Be3 a6 11. Nbd2 b5 12. Qb1 Re8 13. d5 c4 14. a4 Bb7 15. Qa2
Nc5 16. Qa3 Reb8 17. Nxe5 Nxd5 18. Nexc4 bxc4 19. exd5 Bxd5 20. Bxc5 Qxc5 21.
Qxc5 dxc5 22. Rab1 Ra7 23. Ne4 Re7 24. Nxc5 Rxe1+ 25. Rxe1 Rxb2 26. Re8+ Bf8
27. Be4 Bxe4 28. Nxe4 Ra2 29. Rc8 Rxa4 30. Nd2 Ra1+ 31. Nf1 a5 32. Rxc4 a4 33.
g3 a3 34. Ra4 Rc1 35. c4 Bc5 36. Ra5 Rxc4 37. Nd2 Rc2 38. Ne4 Be7 39. Kg2 f5
40. Ng5 Bxg5 41. Rxa3 Be7 42. Ra8+ Kf7 43. Ra7 Kf6 44. Ra6+ Ke5 45. g4 Bc5 46.
gxf5 Rxf2+ 47. Kg3 gxf5 48. Rh6 f4+ 49. Kg4 Rg2+ 50. Kh5 Rg7 51. Rc6 Be3 52.
Rc8 f3 53. h4 Rf7 54. Re8+ Kf4 55. Re6 Rf5+ 56. Kh6 f2 0-1

[Event "Aurora Spring op"]
[Site "Aurora CAN"]
[Date "2017.04.02"]
[Round "5.1"]
[White "Li, William"]
[Black "Yang, Kaiqi"]
[Result "0-1"]
[WhiteElo "2011"]
[BlackElo "2415"]
[PlyCount "56"]
[EventDate "2017.04.01"]
[EventType "swiss"]
[EventRounds "5"]
[EventCountry "CAN"]

1. e4 e5 2. Nf3 Nc6 3. Bb5 a6 4. Bxc6 dxc6 5. O-O Bg4 6. h3 h5 7. d3 Qf6 8.
Nbd2 Ne7 9. Re1 Ng6 10. Nf1 Bxf3 11. Qxf3 Qxf3 12. gxf3 Bd6 13. f4 Nxf4 14.
Bxf4 exf4 15. e5 Be7 16. d4 Kd7 17. Nd2 Ke6 18. Ne4 g5 19. f3 g4 20. Kg2 Rag8
21. c3 Rg6 22. Rad1 Rhg8 23. Re2 Kf5 24. c4 gxf3+ 25. Kxf3 h4 26. Red2 Rg1 27.
a4 a5 28. c5 Re1 0-1

[Event "Hart House Reading Week op"]
[Site "Toronto CAN"]
[Date "2017.02.18"]
[Round "1"]
[White "Yang, Kaiqi"]
[Black "Noritsyn, Sergey"]
[Result "1-0"]
[WhiteElo "2432"]
[BlackElo "2248"]
[PlyCount "61"]
[EventDate "2017.02.18"]
[EventType "swiss"]
[EventRounds "6"]
[EventCountry "CAN"]

1. c4 c5 2. Nf3 Nf6 3. Nc3 g6 4. d4 cxd4 5. Nxd4 Nc6 6. e4 d6 7. Be2 Bg7 8. Be3
O-O 9. O-O a6 10. Qd2 Ng4 11. Bxg4 Bxg4 12. Nd5 Rc8 13. Rac1 Re8 14. a4 Nxd4
15. Bxd4 Bxd4 16. Qxd4 Be6 17. Nb6 Rc5 18. b4 Qxb6 19. bxc5 dxc5 20. Qc3 Qc6
21. Qc2 Rd8 22. Rfd1 Rd4 23. Rxd4 cxd4 24. a5 Qc5 25. Qd2 Qe5 26. Rd1 Qxe4 27.
Qxd4 Qc2 28. c5 Qb3 29. h3 h5 30. Rd3 Qa2 31. Qc3 1-0

[Event "Hart House Reading Week op"]
[Site "Toronto CAN"]
[Date "2017.02.19"]
[Round "3"]
[White "Yang, Kaiqi"]
[Black "Plotkin, Victor"]
[Result "1-0"]
[WhiteElo "2432"]
[BlackElo "2401"]
[PlyCount "156"]
[EventDate "2017.02.18"]
[EventType "swiss"]
[EventRounds "6"]
[EventCountry "CAN"]

1. c4 Nf6 2. Nc3 e6 3. d4 d5 4. Nf3 c6 5. e3 Nbd7 6. Qc2 Be7 7. b3 O-O 8. Bd3
b6 9. e4 dxe4 10. Nxe4 Bb7 11. Bb2 h6 12. O-O-O Qc7 13. Rhe1 a5 14. a3 Rfd8 15.
Kb1 c5 16. d5 exd5 17. Nc3 dxc4 18. Bxc4 Bxf3 19. gxf3 Nf8 20. Nd5 Nxd5 21.
Bxd5 Rxd5 22. Rxd5 Rd8 23. Qf5 Rxd5 24. Qxd5 Ne6 25. Be5 Qc8 26. f4 g6 27. f5
gxf5 28. Bb2 Qc7 29. Qxf5 Qxh2 30. Qf3 Qh4 31. Rg1+ Kf8 32. Rh1 Qg5 33. Qa8+
Bd8 34. Rd1 h5 35. f4 Qh4 36. Ka2 Ke8 37. Qc6+ Kf8 38. Qa8 Ke8 39. Qc6+ Kf8 40.
f5 Nd4 41. Qh6+ Ke7 42. Qh8 Bc7 43. Qc8 Qh2 44. Re1+ Kf6 45. Qh8+ Kxf5 46. Qh7+
Kf6 47. Qh6+ Kf5 48. Qh7+ Kf6 49. Rf1+ Bf4 50. Qh6+ Kf5 51. Qxb6 Ne6 52. Qb7
Kg6 53. Qe4+ Kg5 54. Qd5+ Kg4 55. Qf3+ Kf5 56. Rh1 Qd2 57. Rxh5+ Ng5 58. Qh3+
Ke4 59. Qh1+ Kf5 60. Qh3+ Ke4 61. Qh1+ Kf5 62. Qf1 Kg6 63. Rh1 Be5 64. Qc1
Qxb2+ 65. Qxb2 Bxb2 66. Kxb2 Ne4 67. Kc2 f5 68. Rg1+ Kf6 69. Kd3 Ke5 70. Rg8
Kd5 71. Ra8 f4 72. Rf8 Nf2+ 73. Ke2 Ng4 74. Rxf4 Ne5 75. Ra4 Nc6 76. Kd2 Nd4
77. Kc3 Nc6 78. Rh4 Ne5 1-0

[Event "PRO League Atlantic"]
[Site "chess.com INT"]
[Date "2017.01.25"]
[Round "3"]
[White "Feng, Maggie"]
[Black "Yang, Kaiqi"]
[Result "0-1"]
[WhiteElo "2164"]
[BlackElo "2401"]
[PlyCount "76"]
[EventDate "2017.01.11"]
[EventType "team"]
[EventRounds "7"]
[EventCountry "USA"]
[Source "Mark Crowther"]
[SourceDate "2017.01.30"]
[WhiteTeam "Columbus Cardinals"]
[BlackTeam "Toronto Dragons"]

1. Nf3 c5 2. g3 Nc6 3. c4 g6 4. Nc3 Bg7 5. Bg2 e5 6. O-O Nge7 7. Ne1 O-O 8. d3
d6 9. Nc2 Be6 10. Nd5 Qd7 11. Bg5 f6 12. Bd2 Bh3 13. Nxe7+ Nxe7 14. b4 Bxg2 15.
Kxg2 f5 16. Rb1 f4 17. Ne1 g5 18. e3 Rf7 19. Qh5 h6 20. e4 Raf8 21. f3 Nc6 22.
b5 Nd4 23. g4 Ne6 24. Kg1 Bf6 25. Qh3 Rh7 26. Rf2 Ng7 27. Qf1 h5 28. h3 Kf7 29.
Rg2 Rfh8 30. Kf2 hxg4 31. hxg4 Rh1 32. Rg1 R1h2+ 33. Rg2 Ne6 34. Rxh2 Rxh2+ 35.
Ng2 Qd8 36. Qg1 Qh8 37. Rf1 Qh3 38. Ke2 Rxg2+ 0-1

[Event "PRO League Atlantic"]
[Site "chess.com INT"]
[Date "2017.01.25"]
[Round "3"]
[White "Wang, Jason"]
[Black "Yang, Kaiqi"]
[Result "0-1"]
[WhiteElo "2006"]
[BlackElo "2401"]
[PlyCount "120"]
[EventDate "2017.01.11"]
[EventType "team"]
[EventRounds "7"]
[EventCountry "USA"]
[Source "Mark Crowther"]
[SourceDate "2017.01.30"]
[WhiteTeam "Columbus Cardinals"]
[BlackTeam "Toronto Dragons"]

1. d4 Nf6 2. c4 g6 3. Nc3 d5 4. cxd5 Nxd5 5. Bd2 Nb6 6. Bf4 Bg7 7. e3 O-O 8. h3
c5 9. Nf3 cxd4 10. exd4 Nc6 11. Be3 Be6 12. Bb5 Rc8 13. O-O a6 14. Bxc6 Rxc6
15. Qd2 Nc4 16. Qe2 Qa5 17. Rac1 Rfc8 18. Rfd1 Bd5 19. Nxd5 Qxd5 20. b3 Nxe3
21. Qxe3 e6 22. Rxc6 Rxc6 23. Rc1 Bxd4 24. Nxd4 Rxc1+ 25. Qxc1 Qxd4 26. Qc8+
Kg7 27. Qxb7 Qa1+ 28. Kh2 Qxa2 29. f3 a5 30. Qb5 Qd2 31. Qe5+ Kg8 32. Qb8+ Kg7
33. Qe5+ Kh6 34. Qb5 Qd5 35. Qb6 Kg7 36. Kg1 e5 37. Kh2 h5 38. Kh1 h4 39. Kh2
Qd2 40. Qc5 Kf6 41. Qb6+ Kf5 42. Qc7 Qd5 43. Qc8+ Kf6 44. Qc3 Kg5 45. Qe3+ Kf5
46. Qc3 g5 47. Qc8+ Kf6 48. Qc3 Kg6 49. Qc2+ f5 50. Qc3 e4 51. fxe4 fxe4 52.
Qc7 Kf5 53. Qh7+ Kf4 54. Qc7+ Qe5 55. Qf7+ Ke3+ 56. Kh1 Qf4 57. Qa7+ Ke2 58.
Qa6+ Kf2 59. Qxa5 Qc1+ 60. Kh2 Qg1# 0-1

[Event "PRO League Atlantic"]
[Site "chess.com INT"]
[Date "2017.01.25"]
[Round "3"]
[White "Yang, Kaiqi"]
[Black "Baker, Vincent"]
[Result "1-0"]
[WhiteElo "2401"]
[BlackElo "1960"]
[PlyCount "53"]
[EventDate "2017.01.11"]
[EventType "team"]
[EventRounds "7"]
[EventCountry "USA"]
[Source "Mark Crowther"]
[SourceDate "2017.01.30"]
[WhiteTeam "Toronto Dragons"]
[BlackTeam "Columbus Cardinals"]

1. e4 c5 2. Nf3 Nc6 3. Bb5 g6 4. O-O Bg7 5. Re1 Nf6 6. e5 Nd5 7. Nc3 Nc7 8. a4
O-O 9. d3 a6 10. Bc4 d5 11. exd6 exd6 12. Bg5 Qd7 13. Nd5 Nxd5 14. Bxd5 Ne5 15.
c3 h6 16. Bf4 Qc7 17. d4 Nxf3+ 18. Qxf3 cxd4 19. cxd4 g5 20. Bg3 Bxd4 21. Rac1
Qb6 22. a5 Qxa5 23. Bxd6 g4 24. Qe4 Bg7 25. Bxf8 Bxf8 26. Qg6+ Kh8 27. Qxf7 1-0

[Event "PRO League Atlantic"]
[Site "chess.com INT"]
[Date "2017.01.25"]
[Round "3"]
[White "Yang, Kaiqi"]
[Black "Shen, Christopher"]
[Result "0-1"]
[WhiteElo "2401"]
[BlackElo "2165"]
[PlyCount "118"]
[EventDate "2017.01.11"]
[EventType "team"]
[EventRounds "7"]
[EventCountry "USA"]
[Source "Mark Crowther"]
[SourceDate "2017.01.30"]
[WhiteTeam "Toronto Dragons"]
[BlackTeam "Columbus Cardinals"]

1. e4 c5 2. Nf3 e6 3. d4 cxd4 4. Nxd4 a6 5. Bd3 Qc7 6. c4 Nf6 7. Nc3 d6 8. O-O
b6 9. Be3 Bb7 10. Rc1 Nbd7 11. b4 Be7 12. f4 O-O 13. f5 e5 14. Nd5 Qd8 15. Nb3
Nxd5 16. cxd5 Bg5 17. Qd2 Bxe3+ 18. Qxe3 Nf6 19. Nd2 Rc8 20. Nc4 b5 21. Na5 Ba8
22. h3 Nd7 23. a4 bxa4 24. Bxa6 Rxc1 25. Rxc1 Qb6 26. Qxb6 Nxb6 27. Nc4 Nxc4
28. Rxc4 Rb8 29. b5 Kf8 30. Rxa4 Ke7 31. Rc4 Kd7 32. Kf2 f6 33. Ke3 g6 34. fxg6
hxg6 35. Rc1 f5 36. Rf1 f4+ 37. Kd3 g5 38. Kc4 Kc7 39. Kb4 Kb6 40. Rc1 Rg8 41.
Bc8 Rg7 42. Be6 Bb7 43. Rc2 Re7 44. Rc3 Rg7 45. g3 Re7 46. h4 gxh4 47. gxh4 Rh7
48. Rh3 f3 49. Bf5 f2 50. Rf3 Rxh4 51. Rxf2 Bxd5 52. Rd2 Bxe4 53. Rxd6+ Kc7 54.
Rd7+ Kb6 55. Rd6+ Kc7 56. Rd7+ Kb6 57. Rd6+ Kc7 58. Bxe4 Kxd6 59. Ka5 Rxe4 0-1

[Event "Hart House Holidays op"]
[Site "Toronto CAN"]
[Date "2016.12.17"]
[Round "2"]
[White "Yang, Kaiqi"]
[Black "Peng, David"]
[Result "1/2-1/2"]
[WhiteElo "2418"]
[BlackElo "2318"]
[PlyCount "76"]
[EventDate "2016.12.16"]
[EventType "swiss"]
[EventRounds "5"]
[EventCountry "CAN"]

1. e4 c5 2. Nf3 d6 3. Bb5+ Bd7 4. c4 Nc6 5. Nc3 g6 6. d4 cxd4 7. Nxd4 Bg7 8.
Be3 Nf6 9. h3 O-O 10. O-O a6 11. Bxc6 Bxc6 12. Nxc6 bxc6 13. Rc1 Nd7 14. Qe2
Qa5 15. Rfd1 Rab8 16. Bd4 Bxd4 17. Rxd4 Qe5 18. Rd2 Nc5 19. Qe3 g5 20. b3 Kh8
21. Re1 Rg8 22. Qd4 f6 23. Qxe5 fxe5 24. Nd1 a5 25. Nb2 a4 26. Nd3 Nxd3 27.
Rxd3 axb3 28. axb3 c5 29. Ree3 Kg7 30. Rf3 Rgf8 31. g3 h6 32. Kg2 Rxf3 33. Kxf3
Ra8 34. Ke2 Ra2+ 35. Rd2 Ra3 36. Rd3 Ra2+ 37. Rd2 Ra1 38. Rd1 Ra2+ 1/2-1/2

[Event "Hart House Holidays op"]
[Site "Toronto CAN"]
[Date "2016.12.17"]
[Round "3"]
[White "Song, Michael"]
[Black "Yang, Kaiqi"]
[Result "1-0"]
[WhiteElo "2492"]
[BlackElo "2418"]
[PlyCount "83"]
[EventDate "2016.12.16"]
[EventType "swiss"]
[EventRounds "5"]
[EventCountry "CAN"]

1. d4 Nf6 2. c4 g6 3. Nc3 d5 4. Nf3 Bg7 5. h4 c6 6. cxd5 cxd5 7. Bf4 Nc6 8. e3
O-O 9. Ne5 Qb6 10. Qb3 Qxb3 11. axb3 Nb4 12. Kd2 Bf5 13. Nd3 Bxd3 14. Bxd3 Ng4
15. Bg3 e5 16. Be2 exd4 17. Bxg4 dxc3+ 18. bxc3 Nc6 19. Rad1 Ne5 20. Bxe5 Bxe5
21. Kc2 Rfd8 22. Rd3 a5 23. Bf3 Rac8 24. Rhd1 Kg7 25. Bxd5 b5 26. f4 Bf6 27. g3
Rc7 28. e4 Rdc8 29. e5 Be7 30. Kb2 Bc5 31. Bf3 h5 32. Bg2 Bf2 33. Rf1 Rxc3 34.
Rxc3 Bd4 35. Rd1 Bxc3+ 36. Kb1 Rc7 37. Bf1 a4 38. Bxb5 axb3 39. Rd7 Rxd7 40.
Bxd7 Be1 41. g4 hxg4 42. Bxg4 1-0

[Event "Hart House Holidays op"]
[Site "Toronto CAN"]
[Date "2016.12.18"]
[Round "4"]
[White "Yang, Kaiqi"]
[Black "Calvelo, Jelvis"]
[Result "1-0"]
[WhiteElo "2418"]
[BlackElo "2206"]
[PlyCount "67"]
[EventDate "2016.12.16"]
[EventType "swiss"]
[EventRounds "5"]
[EventCountry "CAN"]

1. e4 e6 2. d4 d5 3. Nc3 dxe4 4. Nxe4 Bd7 5. Nf3 Bc6 6. Bd3 Nd7 7. O-O Ngf6 8.
Ng3 Bxf3 9. Qxf3 c6 10. b3 Be7 11. Bb2 Qa5 12. a3 O-O 13. Rfe1 Rfe8 14. c4 Rac8
15. Bc2 Qg5 16. Re2 Qg4 17. Qd3 Qg6 18. Qc3 Qh6 19. Nf1 Bd6 20. Rae1 c5 21.
dxc5 Rxc5 22. b4 Rh5 23. h3 b6 24. Ng3 Bxg3 25. fxg3 Rc8 26. Bc1 g5 27. Rd1 Rc7
28. Ba4 Qg6 29. g4 Rh4 30. Bb2 e5 31. Bc2 Qh6 32. Bf5 Qf8 33. Qe3 h6 34. Bxe5
1-0

[Event "US Masters op"]
[Site "Greensboro USA"]
[Date "2016.08.25"]
[Round "1"]
[White "Huang, Andy"]
[Black "Yang, Kaiqi"]
[Result "0-1"]
[WhiteElo "2099"]
[BlackElo "2398"]
[PlyCount "96"]
[EventDate "2016.08.25"]
[EventType "swiss"]
[EventRounds "9"]
[EventCountry "USA"]
[Source "Chessbase"]
[SourceDate "2016.09.10"]

1. e4 e5 2. Nf3 Nc6 3. Bb5 a6 4. Ba4 Nf6 5. Qe2 b5 6. Bb3 Bc5 7. c3 O-O 8. O-O
d5 9. d3 d4 10. h3 h6 11. Nbd2 Qd6 12. Rd1 Rd8 13. Nf1 a5 14. a3 a4 15. Ba2 Be6
16. Bxe6 fxe6 17. Ng3 Rd7 18. Kh1 Nh7 19. Nh2 Qe7 20. Ng4 Rf8 21. Qc2 dxc3 22.
bxc3 h5 23. Ne3 h4 24. Ngf1 Na5 25. Ra2 Nb3 26. Bb2 Nf6 27. Qe2 c6 28. Nd2 Qf7
29. Nf3 Qh5 30. d4 exd4 31. cxd4 Ba7 32. Qc2 c5 33. Ne5 Rd6 34. d5 exd5 35.
exd5 c4 36. Nf5 Rfd8 37. Nc6 Ne4 38. Nxd6 Rxd6 39. Rf1 Nbd2 40. Nxa7 Qf5 41.
Rc1 Nxf2+ 42. Kg1 Nxh3+ 43. Kh1 Nf2+ 44. Kg1 Nh3+ 45. Kh1 Nf2+ 46. Kg1 Nfe4 47.
Qd1 Qf2+ 48. Kh1 h3 0-1

[Event "US Masters op"]
[Site "Greensboro USA"]
[Date "2016.08.26"]
[Round "2"]
[White "Yang, Kaiqi"]
[Black "Quesada Perez, Yuniesky"]
[Result "1/2-1/2"]
[WhiteElo "2398"]
[BlackElo "2634"]
[PlyCount "74"]
[EventDate "2016.08.25"]
[EventType "swiss"]
[EventRounds "9"]
[EventCountry "USA"]
[Source "Chessbase"]
[SourceDate "2016.09.10"]

1. e4 e5 2. Nf3 Nc6 3. Nc3 Nf6 4. d4 exd4 5. Nxd4 Bb4 6. Nxc6 bxc6 7. Bd3 d5 8.
exd5 cxd5 9. O-O O-O 10. h3 h6 11. Qf3 c6 12. Bf4 Bd6 13. Rfe1 Be6 14. Ne2 Re8
15. Nd4 Bxf4 16. Qxf4 Bd7 17. Rxe8+ Qxe8 18. b4 Qb8 19. Qxb8+ Rxb8 20. a3 a5
21. c3 c5 22. bxc5 Rc8 23. Rc1 Rxc5 24. Nb3 Rc7 25. Nxa5 Ra7 26. Nb3 Rxa3 27.
Nc5 Kf8 28. c4 Bc6 29. cxd5 Nxd5 30. Bf1 Nc3 31. Nd3 Bd5 32. Nf4 Be4 33. Ne2
Nd5 34. Ng3 Bg6 35. Rc5 Nf4 36. Rc4 Ne6 37. Rc1 Ke7 1/2-1/2

[Event "US Masters op"]
[Site "Greensboro USA"]
[Date "2016.08.26"]
[Round "3"]
[White "Li, Ruifeng"]
[Black "Yang, Kaiqi"]
[Result "1/2-1/2"]
[WhiteElo "2555"]
[BlackElo "2398"]
[PlyCount "89"]
[EventDate "2016.08.25"]
[EventType "swiss"]
[EventRounds "9"]
[EventCountry "USA"]
[Source "Chessbase"]
[SourceDate "2016.09.10"]

1. b3 e5 2. Bb2 Nc6 3. e3 Nf6 4. Bb5 Bd6 5. Na3 a6 6. Bxc6 dxc6 7. Nc4 Qe7 8.
Ne2 Bd7 9. O-O O-O 10. Ng3 b5 11. Nxd6 cxd6 12. f4 Rfe8 13. Qe2 c5 14. e4 Rac8
15. c4 bxc4 16. bxc4 Ng4 17. h3 exf4 18. Rxf4 Ne5 19. Raf1 Be6 20. d3 Rb8 21.
Bc3 Qg5 22. Kh2 Rb7 23. Nf5 Qd8 24. Qh5 Bxf5 25. exf5 f6 26. d4 cxd4 27. Rxd4
Qb8 28. Kh1 Rc8 29. Qd1 Rb6 30. Rh4 Qb7 31. c5 dxc5 32. Re1 c4 33. Rhe4 h6 34.
Bxe5 fxe5 35. Rxe5 c3 36. Re8+ Kh7 37. f6 Rxe8 38. Qd3+ g6 39. Rxe8 Rb1+ 40.
Kh2 Qc7+ 41. Qg3 Rh1+ 42. Kxh1 Qxg3 43. f7 c2 44. Rh8+ Kxh8 45. f8=Q+ 1/2-1/2